| 000 | 00804nam a22002057a 4500 | ||
|---|---|---|---|
| 999 |
_c16148 _d16148 |
||
| 003 | AR-CdUCM | ||
| 008 | 190502b ||||| |||| 00| 0 spa d | ||
| 040 |
_aMUNICIPALIDAD PROVINCIAL DEL CUSCO _cBIBLIOTECA MUNICIPAL DEL CUSCO |
||
| 082 |
_a338.980 / _bG82 |
||
| 100 |
_aAssis Grieco, Francisco _935437 |
||
| 245 |
_aLa alpro y el desarrollo de américa latina : _bConceptos, objetivos, estructura, realizaciones / |
||
| 260 |
_aMéxico : _bLetras, _c1967. |
||
| 300 |
_a205 páginas ; _c20 cm. |
||
| 505 | _aContenido : Estructura y bases institucionales -- Objetivos y recursos de la alianza -- Organismos interamericanos de la alianza ... | ||
| 650 |
_aSociológica _929299 |
||
| 650 |
_aOraganismos _935438 |
||
| 650 |
_aInternacionales _935439 |
||
| 942 |
_2ddc _cLIBROS |
||
| 945 |
_arah _d02/05/2019 |
||